The last 72 (Record no. 35915)

MARC details
000 -LEADER
fixed length control field 00412nam a2200169Ia 4500
020 ## - INTERNATIONAL STANDARD BOOK NUMBER
ISBN 9781935295136
050 ## - CALL MARK
Classification number BD 444 .T44/
245 #4 - TITLE STATEMENT
Title The last 72
260 ## - PUBLICATION, DISTRIBUTION, ETC. (IMPRINT)
Place of publication New York
260 ## - PUBLICATION, DISTRIBUTION, ETC. (IMPRINT)
Name of publisher Blue Dome
260 ## - PUBLICATION, DISTRIBUTION, ETC. (IMPRINT)
Year of publication 2012
300 ## - PHYSICAL DESCRIPTION
Number of Pages 120 p
650 ## - SUBJECT ADDED ENTRY--TOPICAL TERM
Topical Term Death _ Psychological aspects Ölüm _ Psikolojik açıdan
942 ## - ADDED ENTRY ELEMENTS (KOHA)
Koha item type Books
Holdings
Withdrawn status Lost status Source of classification or shelving scheme Damaged status Not for loan Permanent Location Current Location Date acquired Accession Number Price effective from Koha item type
    Library of Congress Classification     NILE UNIVERSITY OF NIGERIA - MAIN LIBRARY NILE UNIVERSITY OF NIGERIA - MAIN LIBRARY 04/23/2025 0000228 04/23/2025 Books